Dust on the mountain: (Record no. 61248)

MARC details
000 -LEADER
fixed length control field 01864nam a22002777a 4500
005 - DATE AND TIME OF LATEST TRANSACTION
control field 20120119172822.0
010 ## - LCCN (DPL NO)
LC control number B-445727-733
020 ## - INTERNATIONAL STANDARD BOOK NUMBER
International Standard Book Number 9780143067122
Terms of availability 499.00
035 ## - SYSTEM CONTROL NUMBER
System control number B-445727-733
037 ## - SOURCE OF ACQUISITION
Stock number dpl
Source of stock number/acquisition Pub
082 ## - DEWEY DECIMAL CLASSIFICATION NUMBER
Classification number S
100 ## - MAIN ENTRY--PERSONAL NAME
Personal name Ruskin, Bond
245 ## - TITLE STATEMENT
Title Dust on the mountain:
Remainder of title collected stories /
Statement of responsibility, etc by Ruskin Bond
260 ## - PUBLICATION, DISTRIBUTION, ETC. (IMPRINT)
Place of publication, distribution, etc New Delhi
Name of publisher, distributor, etc Penguin Books
Date of publication, distribution, etc 2009
270 ## - ADDRESS
Address 11 Community Centre, Panchsheel Park
City New Delhi
Postal code 110017 (India)
300 ## - PHYSICAL DESCRIPTION
Extent 613p.
Dimensions 21cm.(pbk)
942 ## - ADDED ENTRY ELEMENTS (KOHA)
Source of classification or shelving scheme Dewey Decimal Classification
Item type English Books
Call number suffix RUS
Classification part S
Holdings
Withdrawn status Lost status Not for loan Collection code Home library Current library Date acquired Source of acquisition Cost, normal purchase price Full call number Barcode Copy number Cost, replacement price Koha item type
      Fiction Central Library Central Library 06/02/2012 Allied Pub/1143/26.09.2011/04/15.09.2011/09.11.2011 499.00 S RUS B-445727 1 499.00 English Books
      Fiction Janak Puri Janak Puri 06/02/2012 Allied Pub/1143/26.09.2011/04/15.09.2011/09.11.2011 499.00 S RUS B-445729 1 499.00 English Books
      Fiction Karol Bagh Karol Bagh 06/02/2012 Allied Pub/1143/26.09.2011/04/15.09.2011/09.11.2011 499.00 S RUS B-445732 1 499.00 English Books
  Written-off vide DLB M. No. 383 dt 16.05.19   Fiction Patel Nagar Patel Nagar 06/02/2012 Allied Pub/1143/26.09.2011/04/15.09.2011/09.11.2011 499.00 S RUS B-445728 1 499.00 English Books
      Fiction Sarojini Nagar Sarojini Nagar 06/02/2012 Allied Pub/1143/26.09.2011/04/15.09.2011/09.11.2011 499.00 S RUS B-445730 1 499.00 English Books
      Fiction Shahdara Branch Shahdara Branch 06/02/2012 Allied Pub/1143/26.09.2011/04/15.09.2011/09.11.2011 499.00 S RUS B-445733 1 499.00 English Books
      Fiction Vinoba Puri Vinoba Puri 06/02/2012 Allied Pub/1143/26.09.2011/04/15.09.2011/09.11.2011 499.00 S RUS B-445731 1 499.00 English Books

© Delhi Public Library
Hit Counter
free hit counter